[Event "Moscow Aeroflot op"]
[Site "Moscow"]
[Date "2002.02.09"]
[Round "8"]
[White "Bu Xiangzhi"]
[Black "Moiseenko, Alexander"]
[Result "1/2-1/2"]
[WhiteElo "2593"]
[BlackElo "2559"]
[PlyCount "24"]
[EventDate "2002.02.04"]
[Source "ChessBase"]
[SourceDate "2002.03.21"]

1. d4 Nf6 2. c4 e6 3. Nc3 Bb4 4. e3 b6 5. Nge2 Ne4 6. Qc2 Bb7 7. a3 Bxc3+ 8. Nxc3 Nxc3 9. Qxc3 O-O 10. b4 d6 11. Bb2 Qf6 12. h4 Nd7 1/2-1/2

[Event "EUCup final"]
[Site "Ljubljana"]
[Date "1995.??.??"]
[Round "3"]
[White "Sherbakov, Ruslan"]
[Black "Sokolov, Ivan"]
[Result "1/2-1/2"]
[WhiteElo "2520"]
[BlackElo "2630"]
[PlyCount "71"]
[EventDate "1995.12.??"]
[Source "ChessBase"]

1. d4 Nf6 2. c4 e6 3. Nc3 Bb4 4. e3 b6 5. Nge2 Ne4 6. Qc2 Bb7 7. Nf4 Bxc3+ 8. bxc3 f5 9. Bd3 Qh4 10. O-O g5 11. Ne2 g4 12. Ng3 Ng5 13. e4 f4 14. Bxf4 Nf3+ 15. gxf3 gxf3 16. Kh1 Qxf4 17. e5 Qh4 18. Ne4 Bxe4 19. Bxe4 Nc6 20. Rg1 Rf8 21. Bxc6 dxc6 22. Qa4 O-O-O 23. Qxc6 Kb8 24. Rg7 Rc8 25. Rg3 Qh6 26. Rag1 Qd2 27. Rxf3 Rxf3 28. Qxf3 Qxa2 29. c5 bxc5 30. c4 cxd4 31. Qe4 Rd8 32. Rb1+ Kc8 33. Qb7+ Kd7 34. Qb5+ Kc8 35. Qb7+ Kd7 36. Qb5+ 1/2-1/2

[Event "Manila Interzonal"]
[Site "Manila"]
[Date "1990.??.??"]
[Round "10"]
[White "Huebner, Robert"]
[Black "De Firmian, Nick E"]
[Result "1-0"]
[WhiteElo "2585"]
[BlackElo "2560"]
[PlyCount "79"]
[EventDate "1990.06.??"]
[Source "ChessBase"]

1. d4 Nf6 2. c4 e6 3. Nc3 Bb4 4. e3 b6 5. Nge2 Ne4 6. Bd2 Nxd2 7. Qxd2 Ba6 8. a3 Bxc3 9. Nxc3 d5 10. b4 dxc4 11. b5 Bb7 12. e4 a6 13. Bxc4 O-O 14. O-O axb5 15. Bxb5 Qe7 16. a4 Rd8 17. Qe3 Nc6 18. Rfd1 Nb4 19. Rd2 h6 20. Rad1 Ba6 21. Qe2 Bb7 22. h3 Kf8 23. Qf1 Kg8 24. Qe2 Kf8 25. Rb2 Nc6 26. Qc4 Na5 27. Qa2 Kg8 28. Rbd2 Kh8 29. Qc2 Ba6 30. Bxa6 Rxa6 31. d5 Raa8 32. Nb5 exd5 33. exd5 Rd7 34. d6 cxd6 35. Nxd6 Rc7 36. Nxf7+ Kg8 37. Nxh6+ gxh6 38. Qg6+ Kf8 39. Rd3 Qe8 40. Rf3+ 1-0

[Event "Lvov zt"]
[Site "Lvov"]
[Date "1990.??.??"]
[Round "?"]
[White "Chernin, Alexander"]
[Black "Balashov, Yuri S"]
[Result "0-1"]
[WhiteElo "2600"]
[BlackElo "2535"]
[PlyCount "88"]
[EventDate "1990.02.??"]
[Source "ChessBase"]

1. d4 Nf6 2. c4 e6 3. Nc3 Bb4 4. e3 b6 5. Nge2 Bb7 6. a3 Be7 7. d5 O-O 8. Ng3 Bd6 9. f4 exd5 10. cxd5 Re8 11. Be2 c6 12. e4 Bf8 13. d6 c5 14. e5 Bxg2 15. Rg1 Bb7 16. Be3 Nc6 17. Qd2 Rc8 18. exf6 Qxf6 19. Nge4 Qh4+ 20. Bf2 Qd8 21. Ng5 Nd4 22. Bxd4 cxd4 23. Qxd4 g6 24. f5 Bg7 25. Qd3 Rc5 26. fxg6 hxg6 27. Nxf7 Qh4+ 28. Rg3 Bxc3+ 29. bxc3 Be4 30. Qe3 Kxf7 31. O-O-O Bf5 32. Qf3 Qa4 33. Kd2 Qc2+ 34. Ke1 Rce5 35. Rg2 Rxe2+ 36. Rxe2 Rxe2+ 37. Qxe2 Qxe2+ 38. Kxe2 Bg4+ 39. Kd2 Bxd1 40. Kxd1 Ke6 41. Ke2 Kxd6 42. Kf3 Ke5 43. Kg4 Kf6 44. c4 g5 0-1

[Event "09, Baku URS-45FL"]
[Site "09, Baku URS-45FL"]
[Date "1977.??.??"]
[Round "?"]
[White "Gulko, Boris F"]
[Black "Kuzmin, Gennadi P"]
[Result "1/2-1/2"]
[WhiteElo "2585"]
[BlackElo "2550"]
[PlyCount "50"]
[EventDate "1977.??.??"]
[Source "www.chesslib.no"]
[SourceDate "2004.05.04"]

1. d4 Nf6 2. c4 e6 3. Nc3 Bb4 4. e3 b6 5. Nge2 Ne4 6. Bd2 Nxd2 7. Qxd2 O-O 8. a3 Be7 9. g3 Bb7 10. d5 exd5 11. Bg2 c6 12. cxd5 c5 13. O-O d6 14. b4 Nd7 15. Rab1 Bf6 16. Ne4 Qe7 17. bxc5 Nxc5 18. Nxf6+ Qxf6 19. Nd4 Rae8 20. Nc6 Qf5 21. Qd4 Ba6 22. Rfe1 Bd3 23. Rb2 Ba6 24. Rbb1 Bd3 25. Rb2 Ba6 1/2-1/2

[Event "Manila ol (Men)"]
[Site "Manila PHI"]
[Date "1992.??.??"]
[Round "?"]
[White "Sokolov, Ivan"]
[Black "Johansen, Darryl K"]
[Result "0-1"]
[WhiteElo "2630"]
[BlackElo "2485"]
[PlyCount "94"]
[EventDate "1992.06.??"]
[Source "www.chesslib.no"]
[SourceDate "2004.05.04"]

1. d4 Nf6 2. c4 e6 3. Nc3 Bb4 4. e3 b6 5. Nge2 Ne4 6. f3 Nxc3 7. bxc3 Be7 8. e4 Nc6 9. Ng3 Ba6 10. Bd3 Na5 11. Qe2 d6 12. O-O Qd7 13. Rb1 h5 14. Re1 h4 15. Nf1 c5 16. Be3 Rc8 17. Nd2 e5 18. f4 Bf6 19. dxe5 dxe5 20. Nf3 Qe6 21. fxe5 Be7 22. Rf1 Bxc4 23. Bg5 Bxd3 24. Qxd3 Nc6 25. Bxe7 Qxe7 26. Rbd1 O-O 27. Qd7 Qxd7 28. Rxd7 h3 29. gxh3 Rce8 30. Kg2 Nxe5 31. Rxa7 Nc4 32. Rf2 Rxe4 33. Ng5 Re5 34. Nxf7 Ne3+ 35. Kg3 Rf5 36. Re2 Nf1+ 37. Kg2 R8xf7 38. Rxf7 Kxf7 39. Kg1 Kf6 40. Kg2 b5 41. Kg1 c4 42. Kg2 Kg5 43. Kg1 Kh4 44. Kg2 Rf4 45. a3 g6 46. Re6 Nd2 47. Rxg6 Nb1 0-1

[Event "zt3.3, HeiBei CHN"]
[Site "?"]
[Date "2001.??.??"]
[Round "1"]
[White "Bu Xiangzhi"]
[Black "Liang Chong"]
[Result "0-1"]
[WhiteElo "2555"]
[BlackElo "2560"]
[PlyCount "134"]
[EventDate "2001.??.??"]
[Source "www.chesslib.no"]
[SourceDate "2004.05.04"]

1. d4 Nf6 2. c4 e6 3. Nc3 Bb4 4. e3 b6 5. Nge2 Bb7 6. a3 Be7 7. Nf4 O-O 8. Be2 d5 9. cxd5 exd5 10. O-O Bd6 11. Nd3 Nbd7 12. b4 c6 13. f3 Qc7 14. e4 Bxh2+ 15. Kh1 Rae8 16. e5 Nxe5 17. dxe5 Bxe5 18. Nxe5 Qxe5 19. Qd3 Ba6 20. Qxa6 Nh5 21. Bb2 Ng3+ 22. Kg1 Qe3+ 23. Kh2 Qf4 24. Kg1 Qd4+ 25. Rf2 Re6 26. Ne4 Qxb2 27. Nxg3 Qxa1+ 28. Bf1 Qe5 29. f4 Qc3 30. Nf5 Rf6 31. Rf3 Qd2 32. Qd3 Qxd3 33. Bxd3 Re8 34. Ne3 Rd6 35. Rh3 g6 36. g4 h6 37. f5 Kg7 38. Kf2 c5 39. bxc5 bxc5 40. Rh1 Rb8 41. Rd1 Rbd8 42. Be2 Kf6 43. fxg6 fxg6 44. Bf3 d4 45. Nc4 Ra6 46. Rc1 Rb8 47. Kg3 Rb3 48. Nd2 Re3 49. Rxc5 Raxa3 50. Rc2 Ke7 51. Kf2 a5 52. Rb2 Rac3 53. Ra2 Ra3 54. Rb2 a4 55. Bc6 Rec3 56. Be4 h5 57. Rb7+ Kf8 58. gxh5 gxh5 59. Rb8+ Ke7 60. Rb7+ Kd6 61. Bb1 Rab3 62. Nxb3 Rxb3 63. Ra7 Rxb1 64. Rxa4 Kc5 65. Ke2 h4 66. Ra5+ Kc4 67. Rh5 Rb2+ 0-1

[Event "Memorial Narciso Yepes (open)"]
[Site "Lorca (Spain)"]
[Date "2007.06.??"]
[Round "9"]
[White "Flores Diego (ARG)"]
[Black "Timoshenko Georgy (UKR)"]
[Result "1-0"]
[WhiteElo "2543"]
[BlackElo "2566"]
[PlyCount "91"]
[EventDate "2007.??.??"]
[Source "www.chesslib.no"]
[SourceDate "2004.05.04"]

1. d4 Nf6 2. c4 e6 3. Nc3 Bb4 4. e3 b6 5. Nge2 Ne4 6. f3 Bxc3+ 7. bxc3 Nd6 8. e4 Nxc4 9. Ng3 Ba6 10. Bd3 O-O 11. O-O d5 12. e5 f5 13. exf6 Qxf6 14. Qc2 g6 15. Qe2 Re8 16. Ne4 Qf8 17. Bh6 Qf7 18. Rae1 Nd7 19. Ng5 Qf6 20. Nxe6 Nf8 21. Bxf8 Kf7 22. f4 Rxe6 23. Qxe6+ Qxe6 24. Rxe6 Kxe6 25. f5+ Kd7 26. fxg6 hxg6 27. Rf7+ Ke6 28. Bxg6 Nd6 29. Bxd6 cxd6 30. Rf3 Bc4 31. a3 Rh8 32. h3 a5 33. Kf2 Bb3 34. g4 Bd1 35. Re3+ Kd7 36. Bd3 Kc6 37. Kg3 Rf8 38. Re1 Bb3 39. h4 Bc4 40. Bf5 b5 41. h5 b4 42. cxb4 axb4 43. axb4 Kb5 44. h6 Kxb4 45. h7 Rh8 46. g5 1-0

[Event "Biel Open"]
[Site "Biel SUI"]
[Date "1991.??.??"]
[Round "7"]
[White "Vaisser, Anatoli V"]
[Black "Djuric, Stefan"]
[Result "1-0"]
[WhiteElo "2565"]
[BlackElo "2540"]
[PlyCount "87"]
[EventDate "1991.07.??"]
[Source "www.chesslib.no"]
[SourceDate "2004.05.04"]

1. d4 Nf6 2. c4 e6 3. Nc3 Bb4 4. e3 b6 5. Nge2 Ne4 6. Bd2 Nxd2 7. Qxd2 O-O 8. a3 Be7 9. g3 Ba6 10. b3 c6 11. d5 Bd6 12. dxe6 Qe7 13. exf7+ Rxf7 14. Bg2 Bxa3 15. O-O Bb7 16. Nd4 Bc5 17. Ra2 a5 18. Na4 Na6 19. Nxc5 Qxc5 20. Nc2 Qe7 21. Qd4 Nc5 22. b4 axb4 23. Rxa8+ Bxa8 24. Nxb4 Bb7 25. Rb1 Rf6 26. Nc2 Qf8 27. e4 Rd6 28. Qe3 Rd3 29. Qe1 Qd6 30. Ne3 Nb3 31. Nf5 Qf6 32. Qe2 Qc3 33. Qh5 Kf8 34. Qxh7 Nd2 35. Rd1 c5 36. Qh8+ Kf7 37. Qh5+ Kf8 38. Qh8+ Kf7 39. Qh5+ Kf8 40. Qg5 Nxe4 41. Qe7+ Kg8 42. Rf1 Nd2 43. Bxb7 Nxf1 44. Be4 1-0

[Event "Reykjavik ISL"]
[Site "?"]
[Date "2006.03.13"]
[Round "8"]
[White "Timman Jan H"]
[Black "Ward Christopher"]
[Result "0-1"]
[WhiteElo "2630"]
[BlackElo "2475"]
[PlyCount "82"]
[EventDate "2006.??.??"]
[Source "www.chesslib.no"]
[SourceDate "2004.05.04"]

1. d4 e6 2. c4 Nf6 3. Nc3 Bb4 4. e3 b6 5. Nge2 Ne4 6. Qc2 Bb7 7. Nf4 f5 8. Bd3 c5 9. O-O Bxc3 10. f3 Nd2 11. Bxd2 Bxd2 12. Qxd2 O-O 13. Rad1 cxd4 14. exd4 Qg5 15. Rfe1 Nc6 16. Bf1 Rae8 17. d5 Nd8 18. Qd4 exd5 19. cxd5 Nf7 20. Bb5 Qh4 21. g3 Qd8 22. h4 Nd6 23. a4 Rxe1+ 24. Rxe1 Re8 25. Rc1 Qe7 26. Kf2 Nxb5 27. axb5 Qd6 28. Rc3 g6 29. Re3 Rxe3 30. Kxe3 a6 31. bxa6 Bxa6 32. b4 Qc7 33. Kd2 Qd6 34. Qc3 Kf7 35. Ke3 Qf6 36. Qd2 Qa1 37. Nh3 h6 38. d6 Bc4 39. Kf4 Qf6 40. Ke3 Qa1 41. Kf4 Bf1 0-1

[Event "Harplinge"]
[Site "Harplinge"]
[Date "1998.08.21"]
[Round "7"]
[White "Lautier, Joel"]
[Black "Wedberg, Tom"]
[Result "1-0"]
[WhiteElo "2625"]
[BlackElo "2475"]
[PlyCount "77"]
[EventDate "1998.08.15"]
[Source "ChessBase"]
[SourceDate "1998.11.30"]

1. d4 Nf6 2. c4 e6 3. Nc3 Bb4 4. e3 b6 5. Nge2 Ne4 6. Qc2 Bb7 7. Nf4 f5 8. Bd3 Qh4 9. O-O Bxc3 10. bxc3 g5 11. Ne2 Nf6 12. f3 Rg8 13. d5 g4 14. Nd4 gxf3 15. Nxf3 Qh5 16. Ba3 exd5 17. Bxf5 dxc4 18. e4 Nc6 19. e5 Ng4 20. e6 Ne3 21. exd7+ Kd8 22. Qe4 Nxf5 23. Ne5 Na5 24. Rxf5 Bxe4 25. Rxh5 c5 26. g3 Kc7 27. Rh4 Bd3 28. Rd1 Rg7 29. Rh6 Rd8 30. Bc1 Kb7 31. Bf4 Rgxd7 32. Nxd7 Rxd7 33. Re1 Bg6 34. h4 Ka6 35. h5 Bd3 36. Kf2 Kb5 37. Rhe6 Rd8 38. Re7 Nc6 39. Rc7 1-0

[Event "Neum"]
[Site "?"]
[Date "2000.??.??"]
[Round "?"]
[White "Sokolov, I."]
[Black "Ionescu, Co"]
[Result "1-0"]
[WhiteElo "2610"]
[BlackElo "2490"]
[PlyCount "75"]
[EventDate "2000.??.??"]
[Source "Chess Informant"]
[SourceDate "2000.06.01"]

1. d4 Nf6 2. c4 e6 3. Nc3 Bb4 4. e3 b6 5. Nge2 Bb7 6. a3 Be7 7. d5 O-O 8. Ng3 d6 9. Be2 c6 10. dxe6 fxe6 11. O-O Nbd7 12. b4 Re8 13. e4 a6 14. Qb3 Bf8 15. Be3 b5 16. cxb5 axb5 17. Rfd1 Kh8 18. Rac1 g6 19. h4 e5 20. h5 Qe7 21. hxg6 hxg6 22. a4 bxa4 23. Nxa4 Reb8 24. Bg5 Kg7 25. Bg4 Qe8 26. Bh3 Ra7 27. Nb2 Ba8 28. Qe3 Rc7 29. Nd3 Rb5 30. Ne2 Ng8 31. Nc3 Rb8 32. Nd5 Rcc8 33. Bxd7 Qxd7 34. Nb6 Qb7 35. Nxc8 Rxc8 36. Ra1 Rc7 37. Nxe5 dxe5 38. Rd8 1-0

[Event "Camp. olandese open"]
[Site "Dieren OLA"]
[Date "2007.08.02"]
[Round "9"]
[White "Gofshtein, Z."]
[Black "Ikonnikov, Vy"]
[Result "1/2-1/2"]
[WhiteElo "2541"]
[BlackElo "2558"]
[PlyCount "90"]
[EventDate "2007.07.24"]
[Source "www.chesslib.no"]
[SourceDate "2004.05.04"]

1. d4 Nf6 2. c4 e6 3. Nc3 Bb4 4. e3 b6 5. Nge2 Ne4 6. Bd2 Nxd2 7. Qxd2 O-O 8. a3 Be7 9. g3 Ba6 10. Nf4 d6 11. Bg2 c6 12. d5 Bxc4 13. dxc6 d5 14. c7 Qxc7 15. Rc1 Qe5 16. Ncxd5 Bxd5 17. Nxd5 exd5 18. Qxd5 Qxd5 19. Bxd5 Na6 20. Bxa8 Rxa8 21. b4 Bd6 22. Rc6 Rd8 23. Ke2 Kf8 24. Rd1 Ke7 25. Rc4 Nc7 26. f4 g6 27. Kf3 Ne6 28. h4 b5 29. Rcc1 Bc7 30. g4 Bb6 31. Rxd8 Nxd8 32. e4 Ne6 33. e5 f5 34. exf6+ Kxf6 35. Ke4 Ke7 36. Re1 Nd4 37. Rd1 Ne6 38. Rd5 Nc7 39. Re5+ Kf7 40. h5 Ne8 41. Kf3 Nd6 42. h6 Nc4 43. Rd5 Ke6 44. Rd3 Nd6 45. Rc3 Ke7 1/2-1/2

[Event "GMA Open"]
[Site "Moscow RUS"]
[Date "1989.??.??"]
[Round "7"]
[White "Vaisser, Anatoli V"]
[Black "De Firmian, Nick E"]
[Result "0-1"]
[WhiteElo "2525"]
[BlackElo "2570"]
[PlyCount "156"]
[EventDate "1989.05.??"]
[Source "www.chesslib.no"]
[SourceDate "2004.05.04"]

1. d4 Nf6 2. c4 e6 3. Nc3 Bb4 4. e3 b6 5. Nge2 Ne4 6. Qc2 Bb7 7. a3 Bxc3+ 8. Nxc3 Nxc3 9. Qxc3 O-O 10. b4 d6 11. Bb2 f5 12. h4 Nd7 13. c5 Bd5 14. c6 Nf6 15. f3 Qe8 16. Rc1 Qg6 17. Qd2 f4 18. e4 Bxe4 19. Qxf4 Bd3 20. Qg5 Bxf1 21. Qxg6 hxg6 22. Rxf1 b5 23. Rc2 Nd5 24. Kf2 a5 25. bxa5 Rxa5 26. Rb1 Rb8 27. Re1 Kf7 28. Bc1 Ra6 29. g4 b4 30. axb4 Nxb4 31. Rc3 Rxc6 32. Rxc6 Nxc6 33. Be3 Rb2+ 34. Kg3 Rc2 35. Rd1 Nb4 36. Bg5 Nd5 37. Rd3 Ra2 38. Rb3 Ra8 39. Rd3 Ra4 40. Rd2 Ra3 41. Kf2 Rc3 42. Ke2 Nb4 43. Rb2 Rc4 44. Rd2 Nc6 45. Be3 e5 46. dxe5 Nxe5 47. Ra2 d5 48. Bd2 Nc6 49. Ra8 Nd4+ 50. Ke3 Ne6 51. Ra5 Nc5 52. Ra7 Ne6 53. Ra5 Rc5 54. Ra3 Rb5 55. f4 Rb7 56. f5 gxf5 57. gxf5 Nc5 58. Ra5 d4+ 59. Ke2 Nb3 60. Ra2 c5 61. Kd3 Nxd2 62. Rxd2 Rb3+ 63. Ke4 Re3+ 64. Kf4 Rc3 65. Ra2 d3 66. Ra7+ Kg8 67. Rd7 c4 68. h5 Rc1 69. h6 Rf1+ 70. Ke3 gxh6 71. Re7 Re1+ 72. Kd2 Re2+ 73. Kd1 Rc2 74. f6 h5 75. Rg7+ Kf8 76. Rh7 c3 77. Rd7 Rd2+ 78. Kc1 h4 0-1

[Event "Estes Park"]
[Site "?"]
[Date "1984.??.??"]
[Round "?"]
[White "Gurevich, Dmitry B"]
[Black "Christiansen, Larry M"]
[Result "1/2-1/2"]
[WhiteElo "2545"]
[BlackElo "2550"]
[PlyCount "102"]
[EventDate "1984.??.??"]
[Source "www.chesslib.no"]
[SourceDate "2004.05.04"]

1. d4 Nf6 2. c4 e6 3. Nc3 Bb4 4. e3 b6 5. Nge2 Ne4 6. Bd2 Nxd2 7. Qxd2 Ba6 8. a3 Be7 9. Nf4 Bg5 10. Nh5 g6 11. Ng3 d5 12. cxd5 Bxf1 13. Nxf1 exd5 14. h3 O-O 15. Nh2 c6 16. O-O Nd7 17. Rac1 Re8 18. Rc2 Bh6 19. Na2 Re6 20. Nb4 Rc8 21. Rfc1 Nb8 22. Ng4 Bg7 23. Nd3 Nd7 24. b4 h5 25. Nh2 Bh6 26. Nf3 Qe8 27. b5 Nf6 28. Rxc6 Rcxc6 29. bxc6 Rxc6 30. Rxc6 Qxc6 31. Nfe5 Qc7 32. Qb2 Bf8 33. g3 a6 34. a4 Bd6 35. Qb3 Kg7 36. Kg2 Qb7 37. f3 b5 38. axb5 axb5 39. g4 hxg4 40. hxg4 b4 41. Kf2 Nd7 42. Nxd7 Qxd7 43. Ke2 Qb5 44. Kd2 Qa5 45. g5 Qa1 46. f4 Qa5 47. Nb2 Qb5 48. Qd3 Qd7 49. Qb3 Qh3 50. Qd3 Qc8 51. Qb3 Qc6 1/2-1/2

[Event "otb"]
[Site "otb"]
[Date "2007.03.21"]
[Round "4"]
[White "Flores Diego"]
[Black "Ricardi Pablo"]
[Result "1-0"]
[WhiteElo "2541"]
[BlackElo "2547"]
[PlyCount "85"]
[Source "www.chesslib.no"]
[SourceDate "2004.05.04"]

1. d4 Nf6 2. c4 e6 3. Nc3 Bb4 4. e3 b6 5. Nge2 Ne4 6. Bd2 Nxd2 7. Qxd2 O-O 8. a3 Be7 9. Ng3 d6 10. Bd3 f5 11. O-O Nd7 12. d5 g6 13. dxe6 Nc5 14. Bc2 Bxe6 15. b4 Nd7 16. Nd5 Bf6 17. Rad1 Bg7 18. Bb3 Bf7 19. Ne2 c6 20. Ndc3 Ne5 21. Qxd6 Qxd6 22. Rxd6 Bxc4 23. Bxc4+ Nxc4 24. Rxc6 Nxa3 25. Nd5 Rfd8 26. Rd1 Nb5 27. h4 Kf7 28. Nef4 Rd7 29. h5 gxh5 30. g3 Re8 31. Rd3 Be5 32. Nh3 Kg7 33. Ng5 Nc7 34. Nxc7 Rxc7 35. Ne6+ Rxe6 36. Rxe6 Bf6 37. b5 h4 38. gxh4 Bxh4 39. Rd5 Be7 40. Rxf5 Bc5 41. Rd5 Kf7 42. Rc6 Re7 43. Kg2 1-0

[Event "Barcelona"]
[Site "Barcelona"]
[Date "1992.??.??"]
[Round "?"]
[White "Rodriguez Vargas, Orestes"]
[Black "Sokolov, Ivan"]
[Result "1/2-1/2"]
[WhiteElo "2455"]
[BlackElo "2630"]
[PlyCount "57"]
[EventDate "1992.04.??"]
[Source "ChessBase"]

1. d4 Nf6 2. c4 e6 3. Nc3 Bb4 4. e3 b6 5. Nge2 Ne4 6. Bd2 Nxd2 7. Qxd2 Bb7 8. a3 Be7 9. Nf4 Bg5 10. Bd3 O-O 11. O-O Bxf4 12. exf4 d5 13. c5 bxc5 14. dxc5 d4 15. Ne4 f5 16. Ng5 Qd5 17. Nf3 Qxc5 18. Rfe1 Bxf3 19. gxf3 Re8 20. Rac1 Qb6 21. Bxf5 Nd7 22. Be4 Rab8 23. b4 Nf6 24. Bc6 Re7 25. Re5 Rbe8 26. Rb5 Qa6 27. Ra5 Qb6 28. Rb5 Qa6 29. Ra5 1/2-1/2

[Event "Tel Aviv (open) 81/444"]
[Site "?"]
[Date "2001.??.??"]
[Round "?"]
[White "Avrukh, B."]
[Black "Zilberman, Y."]
[Result "1-0"]
[WhiteElo "2600"]
[BlackElo "2481"]
[PlyCount "93"]
[EventDate "2001.??.??"]
[Source "Chess Informant"]
[SourceDate "2001.02.01"]

1. d4 Nf6 2. c4 e6 3. Nc3 Bb4 4. e3 b6 5. Nge2 Ne4 6. Bd2 Nxd2 7. Qxd2 Ba6 8. Nf4 d6 9. Be2 Nd7 10. Bf3 Rb8 11. Nd3 Bxc3 12. Qxc3 Bb7 13. Bxb7 Rxb7 14. b4 O-O 15. b5 a5 16. a4 Qa8 17. c5 Rbb8 18. c6 Nf6 19. Qb2 Rfe8 20. f3 Re7 21. e4 Rbe8 22. O-O-O Qc8 23. Qc3 Rf8 24. g4 Rfe8 25. Rd2 e5 26. dxe5 dxe5 27. Nb2 Qe6 28. Nc4 h6 29. Rhd1 g6 30. Kb2 Kg7 31. h4 Kg8 32. Ne3 Rc8 33. Nf5 gxf5 34. exf5 Nd5 35. fxe6 Nxc3 36. Rd8+ Kg7 37. Kxc3 Rxd8 38. Rxd8 Rxe6 39. Rd7 Rf6 40. Rxc7 Rxf3+ 41. Kd2 Rf4 42. Rb7 Rxa4 43. Rxb6 Rc4 44. Rb7 a4 45. c7 a3 46. b6 a2 47. Ra7 1-0

[Event "Asean GM 3rd"]
[Site "Bangkok"]
[Date "2004.08.04"]
[Round "8"]
[White "Dao Thien Hai"]
[Black "Aung Aung"]
[Result "1-0"]
[WhiteElo "2583"]
[BlackElo "2498"]
[PlyCount "35"]
[EventDate "2004.07.30"]
[SourceDate "2004.08.11"]

1. d4 Nf6 2. c4 e6 3. Nc3 Bb4 4. e3 b6 5. Nge2 Bb7 6. a3 Bxc3+ 7. Nxc3 O-O 8. f3 d6 9. Bd3 Nbd7 10. O-O Qe7 11. b4 c5 12. Bb2 Rac8 13. Rc1 h6 14. Re1 cxd4 15. exd4 e5 16. Nb5 a6 17. Nxd6 Qxd6 18. dxe5 1-0

[Event "Hoogovens"]
[Site "Wijk aan Zee"]
[Date "1971.??.??"]
[Round "6"]
[White "Gligoric, Svetozar"]
[Black "Andersson, Ulf"]
[Result "1/2-1/2"]
[WhiteElo "2600"]
[BlackElo "2480"]
[PlyCount "82"]
[EventDate "1971.01.??"]
[Source "ChessBase"]

1. d4 Nf6 2. c4 e6 3. Nc3 Bb4 4. e3 b6 5. Nge2 Bb7 6. a3 Bxc3+ 7. Nxc3 d5 8. cxd5 exd5 9. b4 O-O 10. Bd3 Nbd7 11. O-O c5 12. bxc5 bxc5 13. Rb1 Bc6 14. Bf5 Re8 15. dxc5 Nxc5 16. Rb4 Qe7 17. Bb2 Rab8 18. Ne2 Nce4 19. Bxe4 Nxe4 20. Qd4 f6 21. Nf4 Rxb4 22. axb4 Qd7 23. Ra1 Re7 24. f3 Ng5 25. b5 Bxb5 26. Nxd5 Rf7 27. e4 Ne6 28. Qb4 Bc6 29. Qb8+ Qd8 30. Qxd8+ Nxd8 31. Ne3 Rd7 32. Nf5 Bb5 33. Nd4 a6 34. h4 Kf7 35. Rc1 Ne6 36. Nxe6 Kxe6 37. h5 Rb7 38. h6 gxh6 39. Rc5 Bd7 40. Bd4 Rb5 41. Rc7 f5 1/2-1/2

[Event "Korinthos op"]
[Site "Korinthos"]
[Date "1998.??.??"]
[Round "5"]
[White "Gurevich, Mikhail"]
[Black "Gelashvili, Tamaz"]
[Result "0-1"]
[WhiteElo "2635"]
[BlackElo "2445"]
[PlyCount "96"]
[EventDate "1998.07.20"]
[Source "www.chesslib.no"]
[SourceDate "2004.05.04"]

1. d4 Nf6 2. c4 e6 3. Nc3 Bb4 4. e3 b6 5. Nge2 Bb7 6. a3 Bxc3+ 7. Nxc3 d5 8. b3 O-O 9. Bb2 Nbd7 10. Bd3 c5 11. O-O Qe7 12. Qe2 dxc4 13. bxc4 e5 14. d5 e4 15. Bc2 Ba6 16. a4 Rfe8 17. Nb5 Bxb5 18. axb5 Qd6 19. f4 exf3 20. Qxf3 Re7 21. Qh3 h6 22. Rf3 Ne5 23. Rf4 Rae8 24. Raf1 Nfd7 25. Qg3 f6 26. Bf5 Kf8 27. Be6 Rxe6 28. dxe6 Rxe6 29. Bxe5 Nxe5 30. Qh3 Nd3 31. Rf5 Ne5 32. R5f4 Nd3 33. Rh4 Qe7 34. Qf5 Rxe3 35. Rh3 Rxh3 36. Qxh3 Qe4 37. Qc8+ Kf7 38. Qd7+ Kg6 39. h3 Ne5 40. Qxa7 Qd4+ 41. Kh1 Qxc4 42. Rb1 Qe4 43. Rg1 Nd3 44. Rf1 Ne1 45. Rg1 Nd3 46. Rf1 Nf4 47. Rf3 Qe1+ 48. Kh2 Ne2 0-1

[Event "ISR-chT"]
[Site "Israel"]
[Date "2001.05.18"]
[Round "10"]
[White "Avrukh, Boris"]
[Black "Tsesarsky, Ilya"]
[Result "1/2-1/2"]
[WhiteElo "2630"]
[BlackElo "2450"]
[PlyCount "75"]
[EventDate "2001.02.??"]
[Source "ChessBase"]
[SourceDate "2001.07.05"]

1. d4 Nf6 2. c4 e6 3. Nc3 Bb4 4. e3 b6 5. Nge2 Ne4 6. Bd2 Nxd2 7. Qxd2 Ba6 8. a3 Be7 9. Ng3 c6 10. d5 cxd5 11. cxd5 Bxf1 12. Rxf1 O-O 13. Rc1 a6 14. Ke2 b5 15. Rfd1 b4 16. axb4 Bxb4 17. Qd4 a5 18. dxe6 fxe6 19. Nb5 Na6 20. f4 Qh4 21. Nc7 Nxc7 22. Rxc7 Qg4+ 23. Kf2 d6 24. Ne4 e5 25. Qd5+ Kh8 26. Kg1 exf4 27. Ng5 h6 28. Nf7+ Kh7 29. exf4 Bc5+ 30. Kh1 Rae8 31. Qd3+ Qg6 32. Qxg6+ Kxg6 33. Nxd6 Bxd6 34. Rxd6+ Rf6 35. Rxf6+ Kxf6 36. h3 Rb8 37. Rc5 Rxb2 38. Rxa5 1/2-1/2

[Event "Benasque op"]
[Site "Benasque"]
[Date "1996.??.??"]
[Round "9"]
[White "Giorgadze, Giorgi"]
[Black "Kurajica, Bojan"]
[Result "1/2-1/2"]
[WhiteElo "2580"]
[BlackElo "2490"]
[PlyCount "49"]
[EventDate "1996.07.??"]
[Source "ChessBase"]

1. d4 Nf6 2. c4 e6 3. Nc3 Bb4 4. e3 b6 5. Nge2 Ne4 6. Qc2 Bb7 7. a3 Bxc3+ 8. Nxc3 Nxc3 9. Qxc3 O-O 10. b3 d6 11. Bb2 Nd7 12. d5 f6 13. Rd1 Qe7 14. Be2 f5 15. O-O Rf6 16. f4 Nc5 17. Bf3 Rh6 18. g3 Re8 19. Rfe1 exd5 20. cxd5 Rf6 21. Qc2 Rff8 22. Rd4 Qf7 23. Qd1 Qd7 24. Qc2 Qf7 25. Qd1 1/2-1/2

[Event "Pula zt 1.2"]
[Site "Pula"]
[Date "2000.04.13"]
[Round "3"]
[White "Avrukh, Boris"]
[Black "Grosar, Aljosa"]
[Result "1/2-1/2"]
[WhiteElo "2620"]
[BlackElo "2449"]
[PlyCount "79"]
[EventDate "2000.04.11"]
[Source "ChessBase"]
[SourceDate "2000.07.27"]

1. d4 Nf6 2. c4 e6 3. Nc3 Bb4 4. e3 b6 5. Nge2 Ne4 6. Qc2 Bb7 7. a3 Bxc3+ 8. Nxc3 f5 9. d5 Nxc3 10. Qxc3 Qe7 11. b4 a5 12. dxe6 dxe6 13. c5 axb4 14. axb4 Rxa1 15. Qxa1 Bd5 16. Bb5+ c6 17. Be2 O-O 18. O-O bxc5 19. bxc5 Nd7 20. Qa7 Rf7 21. Ba3 Qg5 22. g3 Nf6 23. Qb8+ Rf8 24. Qe5 Ng4 25. Qf4 Qh5 26. h4 e5 27. Qxe5 Nxe5 28. Bxh5 Nf3+ 29. Bxf3 Bxf3 30. Bb2 Rb8 31. Bd4 Be4 32. f3 Bd3 33. Rf2 Rb1+ 34. Kg2 Rc1 35. g4 fxg4 36. fxg4 Rc2 37. Rxc2 Bxc2 38. Kg3 Kf7 39. Kf4 g6 40. Bc3 1/2-1/2

[Event "Hastings"]
[Site "Hastings"]
[Date "2002.01.04"]
[Round "7"]
[White "Krush, Irina"]
[Black "Zhang Zhong"]
[Result "0-1"]
[WhiteElo "2411"]
[BlackElo "2657"]
[PlyCount "138"]
[EventDate "2001.12.29"]
[Source "ChessBase"]
[SourceDate "2002.03.21"]

1. d4 Nf6 2. c4 e6 3. Nc3 Bb4 4. e3 b6 5. Nge2 Bb7 6. a3 Be7 7. d5 O-O 8. Ng3 Re8 9. Be2 Bf8 10. O-O d6 11. e4 Nbd7 12. b4 c6 13. dxc6 Bxc6 14. Bb2 Rc8 15. Nb5 Bxb5 16. cxb5 Qc7 17. Qd4 Qb7 18. Rac1 Rxc1 19. Rxc1 Rc8 20. Rc4 Ne8 21. Qc3 Rxc4 22. Bxc4 Be7 23. Bb3 Bf6 24. Qc6 Qc7 25. Bxf6 Ndxf6 26. f3 Kf8 27. Ne2 Ng8 28. Nd4 Ne7 29. Qxc7 Nxc7 30. Bc4 Ke8 31. Kf2 Kd7 32. g3 f6 33. f4 e5 34. fxe5 dxe5 35. Ne2 Nc8 36. Nc3 Nd6 37. Bd3 Ke6 38. g4 Kf7 39. a4 Kg6 40. Be2 Ne6 41. h4 Nf4 42. Bf1 h5 43. Kg3 hxg4 44. Kxg4 Kf7 45. a5 g6 46. Kf3 f5 47. exf5 gxf5 48. Be2 Kg6 49. Bf1 Kh6 50. a6 Kg6 51. Kf2 Kf6 52. Kf3 Ke6 53. Ke3 Nd5+ 54. Nxd5 Kxd5 55. Bh3 Ke6 56. Bf1 Kf6 57. Kf3 Ne8 58. Bc4 Ng7 59. Bd5 Ne6 60. Bc6 Nf4 61. Ke3 Ng6 62. h5 Ne7 63. Kd3 Kg5 64. Bf3 Ng8 65. Kc4 Nf6 66. Bd1 f4 67. Kd3 e4+ 68. Kd4 f3 69. Ke5 Kxh5 0-1